000 00347nam a2200133Ia 4500
008 100328s9999 xx 000 0 und d
082 _b33189
100 _aदिघे प्रभाकर
245 _aअभिमान
260 _bगुलमोहर
630 _aअभिमान
730 _aअभिमान
942 _cBOOK
999 _c523731
_d523728